[Event "International Championship of Central Se"]
[Site "Paracin, hotel "]
[Date "2016.07.13"]
[Round "8.21"]
[White "Todorovic, Nenad I"]
[Black "Burcu, Cagatay"]
[Result "1/2-1/2"]
[WhiteElo "2306"]
[BlackElo "2260"]
[PlyCount "94"]
[EventDate "2016.07.07"]

1. e4 e6 2. d4 d5 3. Nd2 Be7 4. Ngf3 Nf6 5. e5 Nfd7 6. Bd3 c5 7. c3 Nc6 8. O-O
g5 9. dxc5 Ndxe5 10. Nxe5 Nxe5 11. Bb5+ Bd7 12. Bxd7+ Qxd7 13. Nb3 Ng6 14. Be3
e5 15. Qh5 O-O 16. Rad1 Rad8 17. Rd2 f6 18. Rfd1 Qe6 19. Re2 Qa6 20. Nc1 Qc4
21. Nb3 Qa4 22. Red2 Qxa2 23. Nc1 Qc4 24. Qe2 Nf4 25. Bxf4 Qxf4 26. g3 Qe4 27.
Rxd5 Qxe2 28. Nxe2 Rxd5 29. Rxd5 Rd8 30. Rxd8+ Bxd8 31. f4 Kf7 32. f5 Ke7 33.
Kf2 Kd7 34. Ke3 Kc6 35. b4 Kd5 36. g4 Kc4 37. Ke4 a5 38. bxa5 Bxa5 39. Ng3 Kxc5
40. Kd3 Bd8 41. Ne4+ Kb5 42. Nd6+ Kc6 43. Ne4 b5 44. c4 Be7 45. Kc3 Kb6 46. Kb3
Kc6 47. Kc3 Kb6 1/2-1/2

[Event "International Championship of Central Se"]
[Site "Paracin, hotel "]
[Date "2016.07.13"]
[Round "8.22"]
[White "Dimitrov, Vladimir"]
[Black "Jovanovic, Bojan P"]
[Result "1/2-1/2"]
[WhiteElo "2413"]
[BlackElo "2246"]
[PlyCount "48"]
[EventDate "2016.07.07"]

1. e4 e6 2. d4 d5 3. Nd2 Nf6 4. e5 Nfd7 5. c3 c5 6. f4 Nc6 7. Ndf3 Qb6 8. a3
Be7 9. b4 cxd4 10. cxd4 a6 11. h4 Qc7 12. Ne2 b5 13. Bd2 Nb6 14. Nc3 Bd7 15.
Bd3 Nc4 16. Bxc4 bxc4 17. O-O Na7 18. Qe1 Qc6 19. Qg3 O-O 20. h5 h6 21. Ne2 f5
22. exf6 Bxf6 23. Ne5 Qb6 24. Be3 Nc8 1/2-1/2

[Event "International Championship of Central Se"]
[Site "Paracin, hotel "]
[Date "2016.07.13"]
[Round "8.23"]
[White "Arsic, Djordje"]
[Black "Pantelic, Sasa"]
[Result "0-1"]
[WhiteElo "2232"]
[BlackElo "2340"]
[PlyCount "72"]
[EventDate "2016.07.07"]

1. e4 c5 2. Nf3 d6 3. Bb5+ Nd7 4. O-O Ngf6 5. Re1 e6 6. c3 Be7 7. d4 O-O 8. e5
dxe5 9. dxe5 Nd5 10. Nbd2 a6 11. Bd3 Nf4 12. Be4 Ng6 13. Qc2 Qc7 14. h4 Re8 15.
h5 Ngf8 16. Nc4 Rb8 17. Ng5 f5 18. exf6 Nxf6 19. Bf3 b5 20. Ne5 Bb7 21. h6 g6
22. Bf4 Bxf3 23. Nxg6 Bd6 24. Bxd6 Qxd6 25. Nxf8 Qxf8 26. Nxf3 Qxh6 27. Re5 Rb7
28. Rae1 Rg7 29. Qe2 Kh8 30. Rxe6 Rxg2+ 31. Kxg2 Rg8+ 32. Ng5 Qxg5+ 33. Kf3
Qg4+ 34. Ke3 Qxe6+ 35. Kd2 Qxe2+ 36. Rxe2 Re8 0-1

[Event "International Championship of Central Se"]
[Site "Paracin, hotel "]
[Date "2016.07.13"]
[Round "8.24"]
[White "Blazeka, Matej"]
[Black "Perovic, Zivojin"]
[Result "1/2-1/2"]
[WhiteElo "2328"]
[BlackElo "2219"]
[PlyCount "42"]
[EventDate "2016.07.07"]

1. e4 c5 2. Nf3 d6 3. d4 cxd4 4. Nxd4 Nf6 5. f3 Nc6 6. c4 Qb6 7. Nc2 e6 8. Nc3
Be7 9. Rb1 O-O 10. Be3 Qc7 11. Be2 Rd8 12. O-O d5 13. cxd5 exd5 14. exd5 Be6
15. Bc4 Na5 16. Bd3 Nxd5 17. Nxd5 Rxd5 18. Qe2 Rad8 19. Be4 R5d7 20. Rfc1 Qb8
21. f4 g6 1/2-1/2

[Event "International Championship of Central Se"]
[Site "Paracin, hotel "]
[Date "2016.07.13"]
[Round "8.25"]
[White "Cvetkovic, Nemanja"]
[Black "Yurtseven, Melih"]
[Result "0-1"]
[WhiteElo "2227"]
[BlackElo "2318"]
[PlyCount "79"]
[EventDate "2016.07.07"]

1. d4 g6 2. Nf3 Bg7 3. g3 c5 4. Bg2 cxd4 5. Nxd4 Nc6 6. Nxc6 bxc6 7. O-O Rb8 8.
c3 Nf6 9. e4 O-O 10. Nd2 Qc7 11. Re1 d6 12. Qc2 e5 13. Nc4 Be6 14. Qe2 Rfe8 15.
b3 Rbd8 16. Ba3 Bg4 17. f3 Bc8 18. Rad1 Ba6 19. Qf2 d5 20. Nd2 d4 21. cxd4 exd4
22. Bc5 Nd7 23. Bxd4 Bxd4 24. Qxd4 Ne5 25. Qc3 Nd3 26. Re3 Qb6 27. Nf1 Rd6 28.
h4 Nf4 29. Rxd6 Ne2+ 30. Kh2 Nxc3 31. Rxc3 Bxf1 32. Bxf1 Qf2+ 33. Bg2 Qxa2 34.
Rdxc6 Kg7 35. Rd6 Rb8 36. Rd7 a5 37. Kh3 Rxb3 38. Rcc7 Rb2 39. Bf1 h5 40. g4
0-1

[Event "International Championship of Central Se"]
[Site "Paracin, hotel "]
[Date "2016.07.13"]
[Round "8.26"]
[White "Garic, Radomir"]
[Black "Topel, Zehra"]
[Result "1-0"]
[WhiteElo "2317"]
[BlackElo "2107"]
[PlyCount "79"]
[EventDate "2016.07.07"]

1. e4 c5 2. Nf3 d6 3. Bb5+ Nc6 4. O-O Bd7 5. Re1 a6 6. Bf1 g6 7. c3 Bg7 8. d4
cxd4 9. cxd4 Bg4 10. d5 Nd4 11. Nc3 Bxf3 12. gxf3 e5 13. dxe6 fxe6 14. Be3 Qf6
15. Bxd4 Qxd4 16. Qb3 Qf6 17. e5 Qg5+ 18. Bg2 Bxe5 19. Qxe6+ Kf8 20. f4 Qxf4
21. Re3 Re8 22. Qh3 Nf6 23. Rf3 Qc4 24. Qh6+ Ke7 25. Qg7+ Kd8 26. Rxf6 Qh4 27.
Rxd6+ Bxd6 28. Rd1 Qxh2+ 29. Kf1 Rhg8 30. Qf6+ Kc7 31. Qf7+ Be7 32. Qd5 Bd6 33.
Qxb7+ Kd8 34. Qc6 Ke7 35. Rxd6 Qxd6 36. Nd5+ Ke6 37. Bh3+ Ke5 38. f4+ Kd4 39.
Qxd6 Rd8 40. Qe5+ 1-0

[Event "International Championship of Central Se"]
[Site "Paracin, hotel "]
[Date "2016.07.13"]
[Round "8.27"]
[White "Ivic, Velimir"]
[Black "Mitev, Valentin"]
[Result "1-0"]
[WhiteElo "2315"]
[BlackElo "2073"]
[PlyCount "75"]
[EventDate "2016.07.07"]

1. e4 d5 2. exd5 Qxd5 3. Nc3 Qd6 4. d4 Nf6 5. Nb5 Qd8 6. c4 c6 7. Nc3 Bg4 8.
Nge2 e6 9. h3 Bxe2 10. Bxe2 Be7 11. O-O O-O 12. a3 Nbd7 13. Bf4 a6 14. Bf3 Re8
15. b4 Rc8 16. c5 Nd5 17. Nxd5 exd5 18. a4 b6 19. Qd3 Ra8 20. b5 bxc5 21. bxc6
c4 22. Qf5 Nf6 23. c7 Qc8 24. Qxc8 Rexc8 25. Rab1 Ba3 26. Rb8 c3 27. Be2 c2 28.
Rxc8+ Rxc8 29. Bxa6 Rxc7 30. Bxc7 c1=Q 31. Rxc1 Bxc1 32. Bb5 Bb2 33. a5 Ne4 34.
Be5 Nc3 35. Bd7 Ne2+ 36. Kf1 f6 37. a6 fxe5 38. a7 1-0

[Event "International Championship of Central Se"]
[Site "Paracin, hotel "]
[Date "2016.07.13"]
[Round "8.28"]
[White "Injac, Teodora"]
[Black "Bosnjak, Petar"]
[Result "1/2-1/2"]
[WhiteElo "2215"]
[BlackElo "2311"]
[PlyCount "40"]
[EventDate "2016.07.07"]

1. Nf3 Nf6 2. c4 b6 3. d4 Bb7 4. Nc3 e6 5. a3 Ne4 6. Nxe4 Bxe4 7. Nd2 Bb7 8. e4
Be7 9. d5 e5 10. Nf3 d6 11. Bd3 O-O 12. b4 c6 13. O-O Nd7 14. Qb3 a6 15. Be3
cxd5 16. cxd5 f5 17. Rfc1 h6 18. Rd1 Nf6 19. Nxe5 fxe4 20. Nc6 Qd7 1/2-1/2

[Event "International Championship of Central Se"]
[Site "Paracin, hotel "]
[Date "2016.07.13"]
[Round "8.29"]
[White "Stefanov, Emil"]
[Black "Radovic, Janko"]
[Result "0-1"]
[WhiteElo "2215"]
[BlackElo "2299"]
[PlyCount "80"]
[EventDate "2016.07.07"]

1. d4 Nf6 2. c4 g6 3. f3 c5 4. d5 Bg7 5. e4 d6 6. Nc3 O-O 7. Bg5 e5 8. Bd3 h6
9. Be3 Nh5 10. Nge2 f5 11. exf5 gxf5 12. Qd2 f4 13. Bf2 Qg5 14. O-O-O Bf5 15.
g4 fxg3 16. Be3 Qg6 17. Bxf5 Rxf5 18. hxg3 Rxf3 19. g4 Nf4 20. Nxf4 exf4 21.
Bxf4 Nd7 22. Bxh6 Ne5 23. Bxg7 Kxg7 24. Qc2 Qxc2+ 25. Kxc2 Nxc4 26. Rde1 Ne3+
27. Kd2 Re8 28. Kc1 Re5 29. Rh5 Nxg4 30. Rexe5 Nxe5 31. Ne4 Nf7 32. Kd2 Kg6 33.
Rh4 Kf5 34. Ke2 Rf4 35. Ng3+ Kg5 36. Rh7 Kg6 37. Rh2 Rd4 38. Nh5 Ne5 39. b3 Kg5
40. Ng3 Rxd5 0-1

[Event "International Championship of Central Se"]
[Site "Paracin, hotel "]
[Date "2016.07.13"]
[Round "8.30"]
[White "Kasparova, Tatiana"]
[Black "Budimir, Boris"]
[Result "0-1"]
[WhiteElo "2141"]
[BlackElo "2272"]
[PlyCount "86"]
[EventDate "2016.07.07"]

1. e4 d6 2. d4 Nf6 3. Nc3 Nbd7 4. Nge2 e5 5. h3 c6 6. a4 Be7 7. g3 a5 8. Bg2 b6
9. O-O O-O 10. Be3 Bb7 11. g4 d5 12. exd5 Nxd5 13. Nxd5 cxd5 14. Ng3 e4 15. Nf5
Ba6 16. Re1 Re8 17. Qd2 Nf8 18. Bf4 Ne6 19. Nxe7+ Qxe7 20. c3 Rac8 21. Bg3 Bc4
22. Qd1 Qf6 23. Be5 Qh4 24. Bg3 Qh6 25. Qc1 Qg6 26. Kh2 h5 27. gxh5 Qxh5 28.
Qd1 Qxd1 29. Rexd1 Bb3 30. Rdc1 f5 31. Be5 g5 32. h4 Kf7 33. hxg5 Nxg5 34. Re1
Rc6 35. f4 exf3 36. Bf1 Ne4 37. Bh3 Rh6 38. Rg1 f2 39. Rg7+ Kf8 40. Rc7 Rh5 41.
Kg2 Bc4 42. Rxc4 dxc4 43. Rf1 Kf7 0-1

[Event "International Championship of Central Se"]
[Site "Paracin, hotel "]
[Date "2016.07.13"]
[Round "8.31"]
[White "Trifunovic, Miroljub"]
[Black "Popovic, Aleksandar M"]
[Result "1-0"]
[WhiteElo "2209"]
[BlackElo "2256"]
[PlyCount "41"]
[EventDate "2016.07.07"]

1. e4 e5 2. Nf3 Nc6 3. Bc4 d6 4. d4 exd4 5. Nxd4 Nf6 6. Nc3 g6 7. Nxc6 bxc6 8.
O-O Bg7 9. e5 Ng4 10. e6 f5 11. e7 Qxe7 12. Re1 Be5 13. Bf4 Kf8 14. h3 Qf6 15.
hxg4 Bxf4 16. Qf3 fxg4 17. Qxc6 g3 18. fxg3 Qd4+ 19. Kh2 Be5 20. Rxe5 Qd2 21.
Qxc7 1-0

[Event "International Championship of Central Se"]
[Site "Paracin, hotel "]
[Date "2016.07.13"]
[Round "8.32"]
[White "Ozturk, Kubra"]
[Black "Sahin, Ozgun"]
[Result "1/2-1/2"]
[WhiteElo "2249"]
[BlackElo "2042"]
[PlyCount "56"]
[EventDate "2016.07.07"]

1. d4 d6 2. c4 e5 3. Nc3 exd4 4. Qxd4 Nc6 5. Qd2 Nf6 6. Nf3 Be7 7. g3 O-O 8.
Bg2 Be6 9. Nd5 Qd7 10. Nd4 Nxd4 11. Qxd4 Nxd5 12. cxd5 Bh3 13. O-O Bf6 14. Qc4
Bxg2 15. Kxg2 c5 16. a4 a6 17. a5 Qb5 18. Qc2 b6 19. Bf4 Rfd8 20. Ra2 bxa5 21.
Rfa1 Rab8 22. Bc1 Re8 23. e4 Bd8 24. Bd2 Qe2 25. Re1 Qb5 26. Rea1 Qe2 27. Re1
Qb5 28. Rea1 Qe2 1/2-1/2

[Event "International Championship of Central Se"]
[Site "Paracin, hotel "]
[Date "2016.07.13"]
[Round "8.33"]
[White "Petrovic, Marija"]
[Black "Rabrenovic, Vladan"]
[Result "0-1"]
[WhiteElo "2105"]
[BlackElo "2369"]
[PlyCount "84"]
[EventDate "2016.07.07"]

1. d4 Nf6 2. Nf3 g6 3. c3 Bg7 4. Bf4 O-O 5. h3 b6 6. e3 Bb7 7. Nbd2 d6 8. Be2
Nbd7 9. O-O e6 10. Bh2 Qe7 11. a4 a6 12. a5 b5 13. c4 b4 14. Qa4 Rab8 15. Rfd1
e5 16. dxe5 dxe5 17. Nb3 c5 18. Rd2 Rbc8 19. Rad1 Bc6 20. Qa1 Ne8 21. Bg3 e4
22. Nh2 h5 23. Nf1 Ne5 24. Qb1 h4 25. Bh2 Nf3+ 26. Kh1 Nxd2 27. Nfxd2 Be5 28.
Bg1 f5 29. f4 exf3 30. Nxf3 Bg3 31. Nbd2 Nd6 32. b3 Rcd8 33. Rf1 Ne4 34. Nxe4
Bxe4 35. Qc1 Rd6 36. Bf2 Bxf2 37. Rxf2 Rfd8 38. Rf1 Bd3 39. Bxd3 Rxd3 40. Re1
Qd6 41. e4 Rd1 42. Qg5 Qg3 0-1

[Event "International Championship of Central Se"]
[Site "Paracin, hotel "]
[Date "2016.07.13"]
[Round "8.34"]
[White "Chekletsov, Egor"]
[Black "Radovic, Luka"]
[Result "0-1"]
[WhiteElo "2009"]
[BlackElo "2276"]
[PlyCount "76"]
[EventDate "2016.07.07"]

1. e4 c5 2. Nf3 d6 3. Bb5+ Bd7 4. Bxd7+ Qxd7 5. O-O Nf6 6. Qe2 Nc6 7. c3 e6 8.
Rd1 Be7 9. d3 O-O 10. h3 d5 11. e5 Ne8 12. d4 cxd4 13. cxd4 Nc7 14. a3 b5 15.
Bg5 a5 16. b3 Rfc8 17. Qd3 Rab8 18. Nbd2 Na6 19. Bxe7 Qxe7 20. Nf1 Na7 21. Qd2
b4 22. axb4 Nxb4 23. Rxa5 Rc2 24. Qe1 Nbc6 25. Raa1 Rxb3 26. Rdc1 Rcb2 27. N1d2
Rb4 28. Rcb1 Rxb1 29. Rxb1 Qb7 30. Rxb4 Qxb4 31. Qe3 Nb5 32. Nb3 Nc3 33. Nbd2
Nxd4 34. Nxd4 Qxd4 35. Qg5 h6 36. Qd8+ Kh7 37. Nf3 Ne2+ 38. Kh2 Qxf2 0-1

[Event "International Championship of Central Se"]
[Site "Paracin, hotel "]
[Date "2016.07.13"]
[Round "8.35"]
[White "Ozates, Tuna"]
[Black "Dimitrijevic, Nenad"]
[Result "1/2-1/2"]
[WhiteElo "2074"]
[BlackElo "2225"]
[PlyCount "66"]
[EventDate "2016.07.07"]

1. d4 Nf6 2. Bg5 d5 3. Bxf6 exf6 4. e3 c6 5. c4 Be6 6. cxd5 Bxd5 7. a3 Qb6 8.
Qd2 f5 9. Nc3 Be6 10. Bd3 Bd6 11. Nf3 h6 12. O-O Nd7 13. b4 O-O 14. Rfc1 Nf6
15. h3 Rfc8 16. Na4 Qd8 17. Nc5 Qe7 18. Nxe6 Qxe6 19. Qa2 Qxa2 20. Rxa2 g6 21.
Nd2 Kf8 22. Nc4 Ke7 23. f3 Rd8 24. Kf2 Bc7 25. g3 Rd7 26. Rb2 a6 27. Na5 Bxa5
28. bxa5 Rc8 29. Rc5 Rcc7 30. Bc4 Rd8 31. Ba2 Nd7 32. Rc3 Nf6 33. Rc5 Nd7
1/2-1/2

[Event "International Championship of Central Se"]
[Site "Paracin, hotel "]
[Date "2016.07.13"]
[Round "8.36"]
[White "Chekletsov, Ilya"]
[Black "Gulden, Egemen"]
[Result "1-0"]
[WhiteElo "2223"]
[BlackElo "2122"]
[PlyCount "55"]
[EventDate "2016.07.07"]

1. d4 g6 2. e4 d6 3. Nc3 Bg7 4. f4 e6 5. Nf3 Ne7 6. Be3 a6 7. a4 b6 8. Bd3 Nd7
9. Ne2 Bb7 10. O-O d5 11. e5 c5 12. c3 Qc7 13. g4 O-O-O 14. Ng3 f6 15. Qe2 c4
16. Bc2 h6 17. exf6 Bxf6 18. Ne5 Rdg8 19. Bd2 Nf8 20. Kh1 Nc6 21. Rae1 b5 22.
axb5 axb5 23. Nxg6 Nxg6 24. Qxe6+ Kb8 25. Qxf6 Nge7 26. f5 Qd8 27. Bf4+ Ka7 28.
Bd6 1-0

[Event "International Championship of Central Se"]
[Site "Paracin, hotel "]
[Date "2016.07.13"]
[Round "8.37"]
[White "Samani, Yamac"]
[Black "Tisma, Ivan"]
[Result "1/2-1/2"]
[WhiteElo "2083"]
[BlackElo "2212"]
[PlyCount "39"]
[EventDate "2016.07.07"]

1. e4 c5 2. Nf3 a6 3. c4 Nc6 4. d4 cxd4 5. Nxd4 Nf6 6. Nc3 d6 7. Be2 g6 8. Be3
Bg7 9. O-O O-O 10. Rc1 Bd7 11. f3 Qa5 12. Nb3 Qh5 13. Nd5 Rab8 14. Nf4 Qe5 15.
Nd3 Qh5 16. g4 Qh4 17. Qd2 Nxg4 18. fxg4 Bxg4 19. Bf2 Qh5 20. Bxg4 1/2-1/2

[Event "International Championship of Central Se"]
[Site "Paracin, hotel "]
[Date "2016.07.13"]
[Round "8.38"]
[White "¦, Aleksandar"]
[Black "Jovanovic, Sasa T"]
[Result "1-0"]
[WhiteElo "2018"]
[BlackElo "2194"]
[PlyCount "67"]
[EventDate "2016.07.07"]

1. d4 d6 2. Nf3 Bg4 3. e4 Nf6 4. Nc3 c6 5. h3 Bxf3 6. Qxf3 Nbd7 7. Be3 e5 8.
O-O-O Be7 9. g4 h6 10. Bc4 Qa5 11. Bb3 exd4 12. Bxd4 Nc5 13. Bxc5 Qxc5 14. h4
Rf8 15. e5 dxe5 16. g5 hxg5 17. hxg5 Nd7 18. g6 O-O-O 19. Ne4 Qa5 20. gxf7 Kb8
21. Qf5 Qc7 22. Ng5 Bxg5+ 23. Qxg5 Nc5 24. Rxd8+ Rxd8 25. Qxg7 Qd6 26. Qh6
Nxb3+ 27. axb3 Qxh6+ 28. Rxh6 Rf8 29. Rh7 Kc7 30. Kd2 Kd6 31. Ke3 Ke6 32. Ke4
Kf6 33. Rh5 Kg6 34. Rf5 1-0

[Event "International Championship of Central Se"]
[Site "Paracin, hotel "]
[Date "2016.07.13"]
[Round "8.39"]
[White "Milosevic, Milos"]
[Black "Bejatovic, Bojana"]
[Result "0-1"]
[WhiteElo "2192"]
[BlackElo "2019"]
[PlyCount "168"]
[EventDate "2016.07.07"]

1. d4 d5 2. Nf3 e6 3. c4 c6 4. Qc2 f5 5. g3 Nf6 6. Bg2 Bd6 7. O-O O-O 8. Nc3
Nbd7 9. cxd5 cxd5 10. Qb3 b6 11. Bf4 Bxf4 12. gxf4 Ba6 13. Ne5 Ne4 14. Nc6 Qe8
15. Qa3 Bb7 16. Ne5 a6 17. Rac1 Rc8 18. Rfd1 Nxc3 19. bxc3 Nxe5 20. fxe5 Rc4
21. Qb3 b5 22. a3 Qg6 23. f4 Qg4 24. e3 Bc6 25. Rd2 Be8 26. Kh1 Bh5 27. Qc2
Rfc8 28. Qb2 Qh4 29. Bf1 Bf3+ 30. Kg1 R4c7 31. a4 Qg4+ 32. Kf2 bxa4 33. Ke1 Rc6
34. Qb4 Qh4+ 35. Rf2 Bh5 36. Be2 Bxe2 37. Kxe2 Rc4 38. Qa3 Qd8 39. Rg2 Rb8 40.
Rcg1 g6 41. h4 Rb3 42. Qa1 Rcxc3 43. Qxa4 Rxe3+ 44. Kd2 Rbd3+ 45. Kc1 Ra3 46.
Qb4 Reb3 47. Qd6 Qxd6 48. exd6 Rb6 49. d7 Rd6 50. Kb2 Rh3 51. Re1 Kf7 52. Rge2
Rxd7 53. Rxe6 Rxh4 54. Rxa6 Rxf4 55. Kc3 Re4 56. Rh1 Kg7 57. Kd3 h6 58. Rh2 Rb7
59. Rg2 Rg4 60. Re2 Rg3+ 61. Kc2 Rd7 62. Rf2 Rg4 63. Kd3 h5 64. Ke3 h4 65. Rb2
h3 66. Ra8 Re7+ 67. Kf3 Rxd4 68. Rbb8 Rh4 69. Rg8+ Kf6 70. Ra6+ Ke5 71. Ra1 h2
72. Rh1 Kf6 73. Rf8+ Rf7 74. Rd8 d4 75. Rd6+ Kg5 76. Ra6 Rfh7 77. Ra2 Rf4+ 78.
Kg3 Rfh4 79. Rd2 Re4 80. Kf3 Rh3+ 81. Kf2 d3 82. Kg2 Ree3 83. Rf2 Kg4 84. Kf1
Ref3 0-1

[Event "International Championship of Central Se"]
[Site "Paracin, hotel "]
[Date "2016.07.13"]
[Round "8.40"]
[White "Krasteva, Beloslava"]
[Black "Raykov, Stefan"]
[Result "0-1"]
[WhiteElo "1933"]
[BlackElo "2155"]
[PlyCount "66"]
[EventDate "2016.07.07"]

1. d4 d5 2. c4 dxc4 3. Nc3 a6 4. a4 Nc6 5. e3 Na5 6. Nf3 Nf6 7. Ne5 Be6 8. e4
Nb3 9. d5 Nxa1 10. dxe6 Qxd1+ 11. Kxd1 O-O-O+ 12. Bd2 Nb3 13. Nf3 b5 14. axb5
axb5 15. e5 Ng4 16. Ne4 f5 17. exf6 exf6 18. Ke1 Nxd2 19. Nfxd2 Bb4 20. Be2
Bxd2+ 21. Nxd2 Nxf2 22. Kxf2 Rxd2 23. Rb1 Re8 24. Ke1 Rd4 25. Rd1 Rxd1+ 26.
Kxd1 f5 27. g4 Rxe6 28. Bf3 Re3 29. Bc6 Rb3 30. Kc2 fxg4 31. Be4 g6 32. Bg2 Kd7
33. Kc1 Ke6 0-1

[Event "International Championship of Central Se"]
[Site "Paracin, hotel "]
[Date "2016.07.13"]
[Round "8.41"]
[White "Ererdem, Gani Eren"]
[Black "Peycheva, Gergana"]
[Result "1/2-1/2"]
[WhiteElo "2151"]
[BlackElo "2016"]
[PlyCount "76"]
[EventDate "2016.07.07"]

1. d4 Nf6 2. c4 e6 3. Nf3 b6 4. g3 Ba6 5. b3 Bb7 6. Bg2 Bb4+ 7. Bd2 a5 8. O-O
O-O 9. Nc3 d5 10. cxd5 exd5 11. Qc2 Nbd7 12. Rfd1 Re8 13. a3 Bxc3 14. Bxc3 Ne4
15. Bb2 Ndf6 16. Rac1 c5 17. Ne5 Rc8 18. Bh3 Rc7 19. dxc5 bxc5 20. Bg2 Qe7 21.
a4 Rec8 22. f3 Nd6 23. Qd2 c4 24. Bh3 Ra8 25. bxc4 Nxc4 26. Nxc4 Rxc4 27. Rxc4
dxc4 28. e4 Bc6 29. Bc3 Bxa4 30. Ra1 Bb3 31. Rxa5 Rxa5 32. Bxa5 h5 33. Bc3 Ne8
34. Qd5 Qd6 35. Qxh5 Qd3 36. Qe5 Qe3+ 37. Kg2 Qe2+ 38. Kg1 Qe3+ 1/2-1/2

[Event "International Championship of Central Se"]
[Site "Paracin, hotel "]
[Date "2016.07.13"]
[Round "8.42"]
[White "Vujacic, Borivoje"]
[Black "Pregarac, Valter"]
[Result "0-1"]
[WhiteElo "2265"]
[BlackElo "2135"]
[PlyCount "102"]
[EventDate "2016.07.07"]

1. e4 e5 2. Nf3 Nc6 3. Bc4 Nf6 4. d3 Be7 5. O-O O-O 6. Re1 d6 7. a4 h6 8. Nbd2
Nh7 9. c3 Ng5 10. a5 a6 11. Nxg5 Bxg5 12. Qh5 Qe7 13. Nf1 Bxc1 14. Rexc1 Be6
15. Ne3 Bxc4 16. dxc4 Qe6 17. Nd5 Rac8 18. Ra3 f5 19. Qh3 Qf7 20. exf5 Qxf5 21.
Qxf5 Rxf5 22. b4 Rf7 23. Ra2 Nb8 24. Rd2 Nd7 25. Re1 Kf8 26. f3 c6 27. Ne3 Ke7
28. Red1 Rf6 29. c5 d5 30. Nc4 Rc7 31. Nd6 g6 32. Re1 Re6 33. Rde2 Rxd6 34.
cxd6+ Kxd6 35. Rd2 Rc8 36. c4 Rf8 37. cxd5 cxd5 38. Red1 d4 39. Rb1 Rc8 40. f4
Kd5 41. fxe5 Nxe5 42. b5 Rc5 43. Rbd1 d3 44. bxa6 bxa6 45. Ra2 Ke4 46. h3 Rc2
47. Ra4+ Ke3 48. Re1+ Re2 49. Kf1 Nc6 50. Rxe2+ dxe2+ 51. Ke1 Ne5 0-1

[Event "International Championship of Central Se"]
[Site "Paracin, hotel "]
[Date "2016.07.13"]
[Round "8.43"]
[White "Dogan, Mire Deniz"]
[Black "Kisic, Bozidar"]
[Result "0-1"]
[WhiteElo "2042"]
[BlackElo "2215"]
[PlyCount "64"]
[EventDate "2016.07.07"]

1. Nf3 g6 2. c4 Bg7 3. Nc3 e5 4. d3 d6 5. e3 Ne7 6. Be2 O-O 7. O-O f5 8. Qc2 h6
9. b4 g5 10. Bb2 Ng6 11. Nd2 g4 12. f4 exf4 13. exf4 Nc6 14. Rae1 Nd4 15. Qb1
Re8 16. Nb3 Nh4 17. Kh1 Nxg2 18. Kxg2 Qh4 19. Nxd4 Bxd4 20. Bxg4 Rxe1 21. Qxe1
Qxg4+ 22. Kh1 Bd7 23. b5 Re8 24. Qc1 Kh7 25. Qd1 b6 26. Ba1 Qh3 27. Nd5 Bxa1
28. Qxa1 Re2 29. Nf6+ Kg6 30. Rg1+ Kf7 31. Rg7+ Kxg7 32. Nh5+ Kg6 0-1

[Event "International Championship of Central Se"]
[Site "Paracin, hotel "]
[Date "2016.07.13"]
[Round "8.44"]
[White "Stanojevic, Ilija"]
[Black "Can, Isik"]
[Result "1-0"]
[WhiteElo "2119"]
[BlackElo "2072"]
[PlyCount "95"]
[EventDate "2016.07.07"]

1. c4 e5 2. Nc3 Nf6 3. Nf3 Nc6 4. g3 d5 5. cxd5 Nxd5 6. Bg2 Nb6 7. O-O Be7 8.
Rb1 a5 9. d3 O-O 10. Be3 Be6 11. d4 exd4 12. Nxd4 Nxd4 13. Bxd4 c6 14. e4 f5
15. f4 fxe4 16. Bxe4 Bf5 17. Qb3+ Nd5 18. Bxd5+ cxd5 19. Rbd1 Kh8 20. Qxb7 Rb8
21. Qxd5 Rxb2 22. Qxd8 Bxd8 23. Rf2 Rxf2 24. Kxf2 h6 25. Be5 Be7 26. Rd5 Bb4
27. Ne2 Be6 28. Rb5 Bxa2 29. Rb7 Rf7 30. Rb8+ Kh7 31. g4 Bc5+ 32. Kg3 a4 33.
Nc3 Bb3 34. h4 Rd7 35. g5 Bd6 36. g6+ Kxg6 37. Rb6 Kf7 38. Bxd6 a3 39. Rxb3
Rxd6 40. Rxa3 Rd3+ 41. Kg4 g6 42. Ra7+ Ke6 43. Ne4 Re3 44. Ra6+ Ke7 45. Ra4 Kf7
46. h5 gxh5+ 47. Kf5 h4 48. Ra7+ 1-0

[Event "International Championship of Central Se"]
[Site "Paracin, hotel "]
[Date "2016.07.13"]
[Round "8.45"]
[White "Erece, Ece Alkim"]
[Black "Apontecastillo, Ernesto"]
[Result "0-1"]
[WhiteElo "1775"]
[BlackElo "2100"]
[PlyCount "90"]
[EventDate "2016.07.07"]

1. e4 e6 2. d4 d5 3. Nc3 Bb4 4. e5 Qd7 5. a3 Bxc3+ 6. bxc3 b6 7. Bd3 Ba6 8.
Bxa6 Nxa6 9. Qe2 Qa4 10. Nf3 Nb8 11. Be3 Nc6 12. O-O Na5 13. Rfb1 Nc4 14. Rb4
Qd7 15. Nd2 Nxd2 16. Bxd2 Ne7 17. Qg4 O-O 18. Bg5 Nf5 19. Qe2 h6 20. Be3 f6 21.
exf6 Rxf6 22. Re1 Nd6 23. Rbb1 Qa4 24. Ra1 Qc4 25. Bd2 Raf8 26. f3 Rg6 27. Qf2
Ne4 28. Qe3 Nxd2 29. Qxd2 Rxf3 30. Re3 Rxe3 31. Qxe3 Rf6 32. a4 a5 33. Qd3 Qc6
34. Qe3 Qc4 35. Qd3 Qxd3 36. cxd3 Kf7 37. Rb1 Ke7 38. g3 Kd6 39. Kg2 Rf7 40. c4
dxc4 41. dxc4 Kc6 42. Re1 Kd6 43. Rb1 e5 44. dxe5+ Kxe5 45. Rd1 Ke6 0-1

[Event "International Championship of Central Se"]
[Site "Paracin, hotel "]
[Date "2016.07.13"]
[Round "8.46"]
[White "Sukovic, Andrej"]
[Black "Stojkovska, Monika"]
[Result "1-0"]
[WhiteElo "2084"]
[BlackElo "2005"]
[PlyCount "51"]
[EventDate "2016.07.07"]

1. e4 e6 2. d4 d5 3. Nc3 Bb4 4. e5 c5 5. a3 Bxc3+ 6. bxc3 Qa5 7. Bd2 Qa4 8. Qg4
g6 9. h4 Qxc2 10. h5 b6 11. hxg6 Qxg6 12. Qf3 Qe4+ 13. Qxe4 dxe4 14. dxc5 Nd7
15. Bb5 Ne7 16. c4 bxc5 17. Bg5 Bb7 18. Bxd7+ Kxd7 19. O-O-O+ Ke8 20. Bf6 Rg8
21. Rxh7 Ba6 22. Nh3 Bxc4 23. Ng5 Bd5 24. Nxf7 Nc6 25. Nd6+ Kf8 26. Rf7# 1-0

[Event "International Championship of Central Se"]
[Site "Paracin, hotel "]
[Date "2016.07.13"]
[Round "8.47"]
[White "Sensay, Emin"]
[Black "Jovanovic, Aleksandar D"]
[Result "0-1"]
[WhiteElo "1881"]
[BlackElo "2148"]
[PlyCount "114"]
[EventDate "2016.07.07"]

1. e4 b6 2. d4 Bb7 3. Nc3 e6 4. Bd3 g6 5. Be3 Bg7 6. Qd2 f5 7. O-O-O Nf6 8. f3
Qe7 9. Nge2 O-O 10. Bg5 Qf7 11. Ng3 c5 12. dxc5 bxc5 13. Bc4 Ne8 14. Rhe1 Bc6
15. Qd3 Bd4 16. Nd5 fxe4 17. fxe4 exd5 18. exd5 Bxd5 19. Bxd5 Qxd5 20. Bh6 Nc6
21. Bxf8 Rb8 22. c3 Nb4 23. cxb4 Qxa2 24. Qb1 Qc4+ 25. Qc2 Qxb4 26. Rxd4 Qxe1+
27. Rd1 Qe3+ 28. Qd2 Qxd2+ 29. Rxd2 Kxf8 30. Rxd7 Nf6 31. Rxa7 Re8 32. Kd2 h5
33. Ra4 Kg7 34. Kd3 Rd8+ 35. Ke2 Rb8 36. Ra2 Rb3 37. Nf1 Nd5 38. Nd2 Nf4+ 39.
Kf2 Rxb2 40. Rxb2 Nd3+ 41. Ke3 Nxb2 42. Ne4 Na4 43. Kf4 Kh6 44. h4 Kg7 45. Ke5
c4 46. Kd4 c3 47. Nxc3 Nxc3 48. Kxc3 Kf6 49. g4 hxg4 50. Kd4 Kf5 51. Ke3 Ke5
52. Kf2 Kf4 53. Kg2 g3 54. Kg1 Kg4 55. Kg2 Kxh4 56. Kg1 Kh3 57. Kh1 g2+ 0-1